| Tag |
First Indicator |
Second Indicator |
Subfields |
| LEADER |
00000pam a2200000 a 4500 |
| 001 |
in00000069478 |
| 005 |
20151008053400.0 |
| 008 |
800227s1980 nyu j 00011 engm |
| 010 |
|
|
|a 80012053
|
| 020 |
|
|
|z 0689307811
|
| 035 |
|
|
|a (OCoLC)06087100
|
| 035 |
|
|
|9 AAH7253AM
|
| 040 |
|
|
|a DLC
|c DLC
|d m.c.
|d TXA
|d UtOrBLW
|
| 049 |
|
|
|a [Curr Col] TXAM
|c [1671962]
|
| 050 |
0 |
0 |
|a PZ7.M82669
|b De 1980
|
| 082 |
0 |
|
|a [Fic]
|
| 100 |
1 |
|
|a Morgenroth, Barbara.
|
| 245 |
1 |
0 |
|a Demons at my door /
|c Barbara Morgenroth.
|
| 250 |
|
|
|a 1st ed.
|
| 264 |
|
1 |
|a New York :
|b Atheneum,
|c 1980.
|
| 300 |
|
|
|a 145 pages ;
|c 22 cm.
|
| 336 |
|
|
|a text
|b txt
|2 rdacontent
|
| 337 |
|
|
|a unmediated
|b n
|2 rdamedia
|
| 338 |
|
|
|a volume
|b nc
|2 rdacarrier
|
| 520 |
|
|
|a A young girl drives herself into a nervous breakdown by striving to live up to others' standards.
|
| 650 |
|
1 |
|a Mental illness
|x Fiction.
|
| 999 |
|
|
|a MARS
|
| 999 |
f |
f |
|s dc12f768-81c1-3c3a-9c14-d5ca4fef9d62
|i 5e675755-1c76-3782-a67f-bddfdb5f3e53
|t 0
|
| 952 |
f |
f |
|p ric
|a Texas A&M University
|b Rellis Campus
|c Joint Library Facility
|d Remote Storage
|t 0
|e PZ7.M82669 De 1980
|h Library of Congress classification
|i unmediated -- volume
|m A14809094265
|
| 998 |
f |
f |
|a PZ7.M82669 De 1980
|t 0
|l Remote Storage
|